00875 2200229 4500001002100000005001700021008004100038020002200079035002500101040001200126082001400138084002200152245016900174250001100343260014800354300002700502650003900529700002600568700001700594850001200611990002200623INLIS00000000000300620150701150611.0  a978-602-777-785-9 a0010-041500000000073 aYOPDYOG a899.22108 aDEP 899.22108 Bur aBURUNG - burung kertas : Antologi esai dan cerpen pemenang lomba penulisan esai dan cerpen bagi remaja tahun 2013 /cpenyunting, Yohanes Adhi Satiyoko, Aji Prasetyo aCet. 1 aYogyakartabKementrian Pendidikan dan Kebudayaan Badan Pengembangan dan Pembinaan Bahasa Balai Bahasa Provinsi Daerah Istimewa Yogyakartac2013 axii, 244 hlm. ;b21 cm aKesusasteraan Indonesia - Kumpulan aYohanes Adhi Satiyoko aAji Prasetyo aYOPDYOG aCB-D.11-2013-1799